Az Ellátási Láncok Rezilienciájának Növelési Lehetőségei Az Európai Kishaszongépjármű Iparban

Bibliográfiai részletek
Szerző: Benkő Anita Magdolna
További közreműködők: Reicher Dr. Regina Zsuzsánna
Dokumentumtípus: Diplomadolgozat
Kulcsszavak:ellátási lánc - ellátó hálózat
folyamatelemzés
folyamatmenedzsment
gyártástervezés
járműipar
Online Access:http://dolgozattar.uni-bge.hu/60121

MARC

LEADER 00000nta a2200000 i 4500
001 dolg60121
005 20260409150021.0
008 260409suuuu hu om 000 hun d
040 |a BGE Dolgozattár Repozitórium  |b hun 
041 |a hu 
100 1 |a Benkő Anita Magdolna 
245 1 3 |a Az Ellátási Láncok Rezilienciájának Növelési Lehetőségei Az Európai Kishaszongépjármű Iparban  |c Benkő Anita Magdolna  |h [elektronikus dokumentum] 
520 3 |a Az európai kishaszongépjárműipart az ellátási láncok globalizálódása nyomán fellépő ellátási problémák mellett az elektrifikációs nyomásból eredő kihívások is sújtják a 21. században. A szegmens egészséges működése létkérdés az Európai Unió gazdaságának szempontjából. Az egyes gyártók tevékenységéhez kapcsolódó ellátási láncok rezilienciájának növelése érdekében elengedhetetlen a gyártástervezéshez kapcsolódó folyamatok átgondolása és azok optimalizálása. A beszállítók teljes feltérképezése és a hozzájuk kapcsolódó jelzőrendszerek kiépítése elkerülhetetlennek látszik a kockázatok időben történő felismerése és kezelése érdekében, amelyhez gyakorlati javaslatokat fogalmaz meg a munka a kapcsolódó kutatások eredményei nyomán. 
695 |a ellátási lánc - ellátó hálózat 
695 |a folyamatelemzés 
695 |a folyamatmenedzsment 
695 |a gyártástervezés 
695 |a járműipar 
700 1 |a Reicher Dr. Regina Zsuzsánna  |e ths 
856 4 0 |u http://dolgozattar.uni-bge.hu/60121/1/Benk%C5%91%20Anita%20PYSUMO%20Diplomamunka%20MSc%202025.pdf  |z Dokumentum-elérés 
856 4 0 |u http://dolgozattar.uni-bge.hu/60121/2/Benk%C5%91%20Anita.pdf  |z Dokumentum-elérés 
856 4 0 |u http://dolgozattar.uni-bge.hu/60121/3/Benk%C5%91%20Anita%20Magdolna%20szakdolgozat%C3%A1nak%20b%C3%ADr%C3%A1lata_Valentinyi%20Zolt%C3%A1n_2025.pdf  |z Dokumentum-elérés